| 000 | 00531nam a22001697a 4500 | ||
|---|---|---|---|
| 005 | 20241114141800.0 | ||
| 008 | 241114b |||||||| |||| 00| 0 eng d | ||
| 020 | _a9780470646083 | ||
| 050 |
_aQP 34.5 _bT67 |
||
| 100 | _aTORTORA, GERARD J. | ||
| 245 |
_aPRINCIPLES OF ANATOMY & PHYSIOLOGY _bORGANIZATION, SUPPORT AND MOVEMENT, AND CONTROL SYSTEMS OF THE HUMAN BODY |
||
| 250 |
_a13th EDITION _bVOL 1&2 |
||
| 260 |
_aASIA _bJOHN WILEY & SONS _cc 2011 |
||
| 300 | _aXXVIII, 132 | ||
| 700 | _aDERRICKSON, BRYAN | ||
| 942 |
_2lcc _cBK _n0 |
||
| 999 |
_c1204 _d1204 |
||